Aging & The Aged (Record no. 27775)
[ view plain ]
| 000 -LEADER | |
|---|---|
| fixed length control field | 00225nam a2200097Ia 4500 |
| 008 - FIXED-LENGTH DATA ELEMENTS--GENERAL INFORMATION | |
| fixed length control field | 170620s9999 xx 000 0 und d |
| 100 ## - MAIN ENTRY--PERSONAL NAME | |
| Personal name | Chadha-Narender K |
| 245 #0 - TITLE STATEMENT | |
| Title | Aging & The Aged |
| 260 ## - PUBLICATION, DISTRIBUTION, ETC. | |
| Name of publisher, distributor, etc. | New delhi.Friends Pub |
| 260 ## - PUBLICATION, DISTRIBUTION, ETC. | |
| Date of publication, distribution, etc. | 1997 |
| 300 ## - PHYSICAL DESCRIPTION | |
| Extent | 213 |
| Withdrawn status | Lost status | Source of classification or shelving scheme | Damaged status | Not for loan | Home library | Current library | Date acquired | Total Checkouts | Barcode | Date last seen | Price effective from | Koha item type |
|---|---|---|---|---|---|---|---|---|---|---|---|---|
| IIMT University College of Education-B.P.Ed | IIMT University College of Education-B.P.Ed | 07/03/2017 | 17-B-2497 | 07/03/2017 | 07/03/2017 | Text-Book- for 7 days | ||||||
| IIMT University College of Education-B.P.Ed | IIMT University College of Education-B.P.Ed | 07/03/2017 | 17-B-2498 | 07/03/2017 | 07/03/2017 | Text-Book- for 7 days | ||||||
| IIMT University College of Education-B.P.Ed | IIMT University College of Education-B.P.Ed | 07/03/2017 | 17-B-2499 | 07/03/2017 | 07/03/2017 | Text-Book- for 7 days | ||||||
| IIMT University College of Education-B.P.Ed | IIMT University College of Education-B.P.Ed | 07/03/2017 | 17-B-2500 | 07/03/2017 | 07/03/2017 | Text-Book- for 7 days | ||||||
| IIMT University College of Education-B.P.Ed | IIMT University College of Education-B.P.Ed | 07/03/2017 | 17-B-2501 | 07/03/2017 | 07/03/2017 | Text-Book- for 7 days |

